000 00657nam a2200181Ia 4500
008 151018s9999 xx 000 0 und d
082 _bRBASDV24660
_a891.463
100 _aउत्तम बंडू तुपे
245 _aलांबवलेल्या सावल्या
250 _b1
260 _bबी आर पी पब्लि
_c1992
300 _a156
600 _aउत्तम बंडू तुपे
630 _aलांबवलेल्या सावल्या
700 _aउत्तम बंडू तुपे
730 _aलांबवलेल्या सावल्या
942 _cBOOK
999 _c1024303
_d1024300